Statistiques concernant Paroles - J'irai où tu iras - Céline Dion

Cliquez ici pour prendre le quiz!

Statistiques générales

  • Ce quiz a été pris 1 849 fois
  • Le résultat moyen est 318 sur 397

Statistiques - réponses

Réponse% Correct
Le
99%
le
99%
se
98%
la
97%
97%
97%
97%
iras,
96%
iras
96%
j'irai
96%
J'irai
96%
Les
96%
les
96%
tu
96%
et
95%
Et
95%
toi
95%
toi,
95%
de
93%
Mon
93%
mon
93%
à
92%
Qu'importe
92%
qu'importe
92%
l'endroit
91%
sera
91%
pays
90%
te
90%
place
89%
moi
88%
sont
87%
tes
87%
Tes
87%
des
86%
Des
86%
sur
86%
Chez
84%
ciel
84%
nos
84%
éternelles
83%
On
83%
balancent
82%
enfants
82%
loups
82%
neiges
82%
bateaux
81%
comprennent
81%
New York
81%
portes
81%
Seine
81%
ta
80%
tous
80%
Tous
80%
cris
78%
entend
78%
forêts
77%
grattent
77%
toits
75%
Je
74%
pour
72%
vie
71%
Va
70%
torrents
69%
gratte-ciel
67%
langue
66%
me
66%
rêves
65%
vent
65%
cocotiers
64%
clic
63%
Prends
63%
prends
63%
violence
63%
clac
62%
océans
62%
sous
62%
veux
62%
eaux
61%
fille
61%
d'ici
59%
est
59%
au
58%
enfers
58%
du
57%
l'air
57%
plages
57%
comme
56%
dépliants
56%
bleu
55%
mots,
55%
palmiers
55%
ton
55%
soleil
54%
voyages
54%
caravanes
53%
déserts
52%
tout
52%
visage
52%
envoûtants
51%
J'habite
51%
mirages
51%
un
51%
yeux
51%
bras
49%
montre-moi
49%
Montre-moi
49%
rivages
49%
tabernacles
49%
m'attend
48%
l'on
47%
nord
47%
sud
47%
balançant
45%
feu
45%
puis
45%
brillent
44%
l'amour
44%
serrent
44%
bon
43%
lumière
43%
semble
42%
coule
41%
j'aime
40%
J'aime
40%
poudre
40%
sang
40%
lagons
39%
chameaux
38%
envies
38%
Quand
38%
village
38%
édens,
37%
d'ouest
35%
éclaires
35%
L'escampette
34%
zestes
32%
ressemblent
27%
paysages
21%
Alright,
12%

Distribution des résultats

Percentile par nombre de réponses

% des personnes avec chaque résultat

Votre développement - résultats

Vous n’avez pas pris ce quiz